000 00453nam a22001697a 4500
005 20231106152316.0
008 231106b |||||||| |||| 00| 0 eng d
020 _a978-93-5359-276-9
041 _aeng
082 _a631.4
100 _aDAS, DILIP KUMAR
_97354
245 _aAs per ICAR New syllabus PROBLEMATIC SOILS AND THEIR MANAGEMENT
260 _aLUDHIYANA
_bKALYANI PUBLISHERS
_c2019
300 _a430;p
650 _aAGRICULTURE
942 _cBK
999 _c8462
_d8460